000
00293nam a22001337a 4500
008
170928b xxu||||| |||| 00| 0 eng d
020
_a
9780138620202
041
_a
eng
080
_a
37
100
_a
46
101
_a
EDU
245
_a
WRITING THAT MATTERS
_c
PFEFFERLE, W.T
942
_2
udc
_c
BK
999
_c
30331
_d
30331